000 00493nam a2200181Ia 4500
008 240925s9999 xx 000 0 und d
020 _a9781259006876
082 _a621.3692 KEI
100 _aKeiser, Gerd
245 0 _aOptical Fiber Communication
250 _aNA
260 _aNew Delhi:
_bMcGraw Hill Education (India) Private Limited
_c,2013.
300 _a1132p.
_b0
_fOriginal
500 _aIncludes Index
600 _aElectronic Engineering
650 _aTechnology
942 _cBK
999 _c12750
_d12750